000 00567nam a2200181Ia 4500
001 15019
003 GE_BSU
008 181216s||||||||xx |||||||||||||| ||und||
040 _cGE_BSU
080 _a512.64(075.8)
100 _aБулдырев,В.С. Павлов,Б.С.
245 _aЛинейная алгебра и функции многих переменных
260 _aЛенинград
260 _c1985
300 _a496стр.22см.
653 _aЛинейная алгебра и функции многих переменных
942 _cBK
999 _c48138
_d48138